000 00373 a2200145 4500
999 _c5244
_d5244
020 _a9781860969447
050 _aMT 6 TAY 2008
100 _aTaylor, Eric
_eauthor
245 _aMusic theory in practice :
_bgrade 3 /
_cEric Taylor
264 _aLondon:
_bABRSM,
_c2008
300 _a40p.:
_bill.
500 _aNo index
650 _aMusic theory
942 _2lcc
_cBK
_h6
_iTAY
_kMT